LEADER 01477nam a2200289 u 4500 001 000000017828 003 CaOOAMICUS 005 20070226110614.0 008 950111s1940 gw u000 u lat u 035 $a10415514 040 $aPUL(R)$bita$dISV 100 0 $aOvid,$d43 B.C.-17 or 18 A.D.$0(OLS)http://pul/name/4720 240 10$aSelections$9(Ovid, 43 B.C.-17 or 18 A.D.).$0(OLS)http://pul/title/25500 245 10$aP. Ovidius Naso.$nTom. I,$pAmores. Epistulae. Medic. fac. fem. Ars amat. Remedia amoris /$cex Rudolphi Merkelii recognitione edidit R. Ehwald. 260 $aLipsiae :$bin aedibus B.G. Teubneri,$c1940. 300 $axli, 287 p. ;$c18 cm 490 1 $aBibliotheca scriptorum Graecorum et Romanorum Teubneriana 500 $a"Exemplar editionis a. MDCCCLXXXVIII photomechanice iteratum". 700 1 $aEhwald, Rudolf,$d1847-1927.$0(OLS)http://pul/name/4722 700 1 $aMerkel, Rudolf,$d1811-1885.$0(OLS)http://pul/name/4721 830 0$aBibliotheca scriptorum Graecorum et Romanorum Teubneriana.$0(OLS)http://pul/title/1299 850 $aPUL 852 $aPUL$W1$xDP1 Fondo Ciprotti$y59$m1546 B 9$j25108$nBK-PRI$b $qFondi$B25108$CPULBib$Z2$F25108 $H $81 941 1 $a1 961 $aINV: F.Ciprotti 996 $6245$aP. Ovidius Naso.$nTom. I,$pAmores. Epistulae. Medic. fac. fem. Ars amat. Remedia amoris$9(OLS)http://pul/title/25501 996 $6260$aLipsiae :$bin aedibus B.G. Teubneri$9(OLS)http://pul/publisher/48009 LEADER 01459cam a2200313 a 4500 001 000000152541 003 CaOOAMICUS 005 20160624102839.0 008 160624s2016 enka b 000 u eng r 020 $a9780567667144* 032 $aLibriCat 040 $aPUL$bita 082 04$a225.6 100 1 $aDouglas, Sally.$0(OLS)http://pul/name/97169 245 10$aEarly church understandings of Jesus as the female divine :$bthe scandal of the scandal of particularity /$cSally Douglas. 260 $aLondon New York :$bBloomsbury T&T Clark International,$c2016. 300 $a229 p. :$bill. ;$c24 cm. 490 1 $aLibrary of New Testament studies ;$v557 504 $aBibliografia p. [209]-221. 600 04$aIesus Christus$xStoria delle dottrine.$0(OLS)http://pul/subject/26413 830 0$aLibrary of New Testament studies ;$v557.$0(OLS)http://pul/title/158087 850 $aPUL 852 $aPUL$W1$xSL Religione 3$y85$m225. 6 COLL 1.557$j175648$qDDC 21$B177977$CPULBib$Z2$F177977 $H127927 $81 941 1 $a9 996 $6020$a9780567667144*$9(OLS)http://pul/number/160552 996 $6082$a225.6$9(OLS)http://pul/classification/1734 996 $6245$aEarly church understandings of Jesus as the female divine :$bthe scandal of the scandal of particularity$9(OLS)http://pul/title/191952 996 $6260$aLondon New York :$bBloomsbury T&T Clark International$9(OLS)http://pul/publisher/84286